000 00428nam a2200169Ia 4500
001 24295
003 IN-NITTTR
005 20251114233311.0
008 251113s9999||||xx |||||||||||||| ||eng||
040 _beng
040 _cIN-NITTTR
041 _aeng
082 _a624.151 G29
100 _aSaxena, K. R.
245 0 _aGeotechnical engineering :
_b emerging trends in design and practice. /
_cSaxena, K. R.
942 _2ddc
_cBK
999 _c26924
_d26924